All Fortnite Weapons Chapter 1 Season 1 - Statistics

General Stats
  • This quiz has been taken 148 times
  • The average score is 32 of 53
Answer Stats
Weapon Type Rarity Answer % Correct
Rifle Common Assault Rifle
93%
Rifle Uncommon Assault Rifle
93%
Rifle Rare Assault Rifle
93%
Shotgun Common Pump
84%
Shotgun Uncommon Pump
84%
Rifle Epic Scar
84%
Rifle Legendary Scar
84%
Shotgun Uncommon Tactical
82%
Shotgun Rare Tactical
82%
Shotgun Epic Tactical
82%
Rifle Common Burst AR
74%
Rifle Uncommon Burst AR
74%
Rifle Rare Burst AR
74%
Pistol Common Pistol
74%
Pistol Uncommon Pistol
74%
Pistol Rare Pistol
74%
Explosives Common Grenades
69%
SMG Common Submachine Gun
69%
SMG Uncommon Submachine Gun
69%
SMG Rare Submachine Gun
69%
Sniper Rare Bolt-Action Sniper
66%
Sniper Epic Bolt-Action Sniper
66%
Sniper Legendary Bolt-Action Sniper
66%
Explosives Rare Rocket Launcher
65%
Explosives Epic Rocket Launcher
65%
Explosives Legendary Rocket Launcher
65%
Consumable Common Medkit
63%
Consumable Common Shield Potion
60%
Consumable Common Bandage
59%
Sniper Epic Semi-Automatic
55%
Sniper Legendary Semi-Automatic
55%
Explosives Rare Grenade Launcher
53%
Explosives Epic Grenade Launcher
53%
Explosives Legendary Grenade Launcher
53%
Trap Uncommon Damage Trap
51%
SMG Uncommon Tactical SMG
48%
SMG Rare Tactical SMG
48%
SMG Epic Tactical SMG
48%
Consumable Epic Slurp Juice
47%
Pistol Common Revolver
45%
Pistol Uncommon Revolver
45%
Pistol Rare Revolver
45%
Rifle Rare Scoped AR
45%
Rifle Epic Scoped AR
45%
SMG Common Suppressed SMG
41%
SMG Uncommon Suppressed SMG
41%
SMG Rare Suppressed SMG
41%
Trap Epic Launch Pad
39%
Trap Rare Ceiling Zapper
28%
Trap Rare Wall Dynamo
28%
Trap Rare Directional Jump Pad
23%
Utility Legendary Bush
22%
Utility Uncommon Smoke Grenade
11%
No matching quizzes found
Score Distribution
Percent of People with Each Score
Percentile by Number Answered
Your Score History
You have not taken this quiz